000 00488nam a22001817a 4500
005 20250611092113.0
008 250611b |||||||| |||| 00| 0 eng d
020 _a978-1-821-33155-9
050 _aQA 39.2.M3 2018
100 _aLEHMAN ERIC
245 _aMATHEMATICS FOR COMPUTER SCIENCE
250 _aREVISED
260 _aNEWYORK
_bLEHMAN
_c2018
300 _aX,1038
650 _a Mathematics. Computer science--Mathematics.
700 _aLEIGHTON THOMSON F.
942 _2lcc
_cBK
999 _c215654
_d215654